Rozšírenie a obnova splaškovej kanalizačnej siete v obci

Saved in:
Bibliographic Details
Main Author: Vido, Denis (Author)
Other Authors: Hrudka, Jaroslav (Thesis advisor)
Format: Manuscript Book
Language:Slovak
Published: 2020
Subjects:
Online Access:http://is.stuba.sk/zp/portal_zp.pl?podrobnosti=137268
https://opac.crzp.sk/?fn=detailBiblioForm&sid=71CC5F4445049D8B55C3372E66E0
Tags: Add Tag
No Tags, Be the first to tag this record!

MARC

LEADER 00000ntm a22000003a 4500
001 stuzp72511
003 SK-STU
005 20230525103931.1
007 ta
008 150427s2015----xo-----f-mn---000-0-slo-d
040 |a STU  |b slo 
041 0 |a slo 
100 1 |a Vido, Denis  |u 010280  |4 aut  |U SvF Stavebná fakulta  |T SvF Katedra zdravotného inžinierstva  |X 87771  |U V280  |Y 29  |7 87771 
242 0 1 |a Expansion and renovation of wastewater sewerage network in village  |y eng 
245 1 0 |a Rozšírenie a obnova splaškovej kanalizačnej siete v obci 
260 |c 2020 
650 4 |a SewaCAD  |2 slo 
650 4 |a Kanalizačná sieť  |2 slo 
650 4 |a Šachta  |2 slo 
650 4 |a SewaCAD  |2 eng 
650 4 |a Manhole  |2 eng 
650 4 |a sewerage network  |2 eng 
700 1 |a Hrudka, Jaroslav  |u 010280  |k Z1  |4 ths  |U SvF Stavebná fakulta  |T SvF Katedra zdravotného inžinierstva  |X 50522  |U V280  |Y 29  |7 A000050522 
856 4 |u http://is.stuba.sk/zp/portal_zp.pl?podrobnosti=137268 
856 4 |u https://opac.crzp.sk/?fn=detailBiblioForm&sid=71CC5F4445049D8B55C3372E66E0